LEADER 00552naa a2200145 i 4500 001 000000308416 003 CaOOAMICUS 005 20180831172935.0 008 180831n it u000 u ita u 013 $a17381 040 $aSeMil$bita 100 1 $aHäring, Bernhard,$c.$0(OLS)http://semarc/name/155 245 13$aLa conversion. 773 0 $tPastorale du péché.$dTournai (Belg.) : Desclée & Cie, copyr. 1961.$kBibliothèque de théologie. Série 2, Théologie morale$gp.65-145$w()52168 996 $6245$aLa conversion$9(OLS)http://semarc/title/383681 LEADER 00943nam a2200229 i 4500 001 000000205748 003 CaOOAMICUS 005 20110901000000.0 008 110901s1968 it u000 u ita u 013 $a184486 040 $aSeMil$bita 245 13$aLa svolta di Praga /$craccolta di documenti a cura di Gianlorenzo Pacini. 260 $aRoma :$bSamonà e Savelli,$ccopyr. 1968. 300 $a240 p. :$bill. ;$c19 cm. 490 0 $aCultura politica ;$v23 650 4$aCecoslovacchia - Storia - 1968.$0(OLS)http://semarc/subject/17200 700 1 $aPacini, Gianlorenzo,$d<1930-2021>.$0(OLS)http://semarc/name/6931 830 0$aCultura politica ;$v23.$0(OLS)http://semarc/title/18270 850 $aSeMil 852 $aSeMil$W1$xVenegono$y1$m3U I 360$j156242$B156242$CSeMilBibl$Z2$F167593 $81 996 $6245$aLa svolta di Praga$9(OLS)http://semarc/title/297711 996 $6260$aRoma :$bSamonà e Savelli$9(OLS)http://semarc/publisher/31756